000 00379nam a2200169Ia 4500
003 OSt
005 20240116124118.0
008 170620s9999 xx 000 0 und d
020 _a8175240970
040 _cIIMT UNIVERSITY
100 _aSharma-O.P
245 0 _aBasketball Skill &Rules
260 _bNew delhi.Khel.S.k
260 _c2005
300 _a166
942 _2ddc
_c06
999 _c27666
_d27666